| 000 | 02248nam a2200313Ia 4500 | ||
|---|---|---|---|
| 999 |
_c53627 _d53627 |
||
| 001 | 20674 | ||
| 003 | GE_BSU | ||
| 005 | 20210301000319.0 | ||
| 008 | 181216s2016||||ge |||||||||||||| ||geo|| | ||
| 020 | _a9789941949708 | ||
| 040 | _cGE_BSU | ||
| 041 | _ageo | ||
| 080 | _a930.2:003.074(=353.1) ქ-27 | ||
| 245 |
_aქართული ისტორიული საბუთები IV- XVI საუკუნე (ქართლი და სამცხე-საათაბაგო) / _cტომი შეადგინა და ქართული ტექსტები გამოსაცემად მოამზადა მზია სურგულაძემ ; სპარსული ტექსტები მოამზადა თამაზ აბაშიძემ ; ტომის რედაქტორები : ზაზა აბაშიძე, ელენე ცაგარეიშვილი. |
||
| 260 | _aთბილისი | ||
| 260 | _bხელნაწერთა ეროვნული ცენტრი | ||
| 260 | _c2016 | ||
| 300 |
_a746 გვ. : _bტაბ. ; _c25 სმ. |
||
| 500 | _aსაძიებლები : გვ. 483-550 | ||
| 501 | _aტაბულები გვ. 551-730 | ||
| 504 | _aბიბლიოგრ. : გვ. 480-482 | ||
| 546 | _aთავფურცელი მე-3 გვერდი ინგლისურ ენაზე ; რეზიუმე ინგლისურ ენაზე | ||
| 653 | _aქართული ისტორიული საბუთები IV - XVI საუკუნე (ქართლი და სამცხე-საათაბაგო) | ||
| 700 |
_aაბაშიძე, ზაზა _eრედაქტორი _910273 |
||
| 700 |
_aცაგარეიშვილი, ელენე _eრედაქტორი _910274 |
||
| 710 |
_aკორნელი კეკელიძის სახელობის საქართველოს ხელნაწერთა ეროვნული ცენტრი _910266 |
||
| 710 |
_aსაქართველოს ეროვნული არქივი _910275 |
||
| 942 |
_cBK _2udc |
||